01065nam a22002537a 4500003000500000005001700005008004100022010001000063011001000073035001100083040000900094100003400103245021400137260006000351300005000411502010400461530003600565650001900601650002200620650003400642650005000676650002100726856006400747CHAP20220329143231.0070523s2007 mx a b r 00010 spa d a93662 a94634 a105229 cCHAP1 aTlilayatzi Velasquez, Fridia.10aLa venta de follaje de palma camedor (Chamaedorea spp.) en la reproducción social de cinco familias integrantes de la S.S.S. Follajes Lacandones en Frontera Corozal, Chiapasc/por Fridia Tlilayatzi Velasquez aSan Cristobal de las Casas, Chiapas. :bEl autor,c2007 a94 h. :bmapas, ; gráfs. ; cuadros, ; ilus. aTesis (Ing. Agr.Esp. en Zonas Tropicales) -- UACH. Dirección de Centros Regionales Universitarios aTambién disponible en línea14aPalma camedor.14aPalmasxMercadeo.14aRecursos forestaleszChiapas.14aRecursos naturalesxAprovechamientozChiapas.14aSelva Lacandona. 3Finding aiduhttp://10.13.5.2/tesis/105229.pdfzTeclea aqui